00350cam a2200121ua 45000010005000000080039000050400009000441000050000532450052001032500009001552600047001643000017002115440120903n xxu |||gr||||Z||||||eng cMAIN1 aPalgrave, Francis Tuner,d1824-1897,eAuthor,10aThe golden treasurycby Francis turner palgrave a1st. aNew york:bOxford university press,c1965. a616p:c12cm.